Paroles - J'aimerais tellement - Jena Lee - Statistiques

Statistiques générales
  • Ce quiz a été pris 423 fois
  • Le résultat moyen est 381 sur 492
Statistiques - réponses
Réponse % Correct
J'ai
99%
j'ai
99%
J'aimerais
98%
j'aimerais
98%
(j'aimerais
98%
te
98%
Ce
97%
ce
97%
Ce
97%
je
97%
Je
97%
que
97%
tellement
97%
tellement,
97%
cœur
96%
dire
96%
le
96%
m'a
96%
mon
96%
(mon
96%
Mais
95%
mots,
95%
mots
95%
n'ai
95%
plus
95%
les
94%
veut
94%
I
93%
faux,
92%
faux
92%
me
91%
pas
91%
pas)
91%
un
91%
ces
90%
peur
88%
to
88%
oh
87%
oh)
87%
sonnent
85%
ne
84%
si
83%
(si
83%
une
83%
de
82%
fois
82%
fois)
82%
tout
82%
(tout
82%
fais
81%
n'est
80%
qu'une
79%
(qu'une
79%
du
78%
larme
78%
recommencer
78%
nouvelle
76%
qui
76%
Qui
76%
Baby,
74%
(baby,
74%
(just
74%
Just
74%
passé
74%
Juste
73%
juste
73%
pardonne-moi
73%
pardonne-moi)
73%
Tu
71%
tu
71%
donne
70%
reste
70%
se
70%
dois
69%
envie
67%
m'éloigne
66%
mes
66%
Mes
66%
cesse
65%
d'avancer
64%
sais,
64%
sais
64%
Pour
63%
pour
63%
hanter
62%
dont
61%
Ton
61%
Et
60%
(eh
58%
eh,
58%
Laisse-moi
58%
âme
57%
âme)
57%
donner
57%
pensées,
57%
regard
56%
retrouve
53%
entaille
51%
mieux
49%
temps
47%
non
46%
lame
45%
lame)
45%
toi
45%
l'oublier
44%
flamme,
43%
cette
42%
voir
42%
moi
41%
quand
41%
l'effacer
40%
rester
40%
parler
39%
Tes
39%
seul
38%
avant
35%
demande,
35%
demande
35%
rêves
35%
fanent,
33%
finalement
33%
m'aider
33%
m'écouter
33%
n'ose
33%
pourra
33%
t'éloignes,
32%
affronter
31%
yeux
31%
brûlée
30%
trouverai
30%
désarment,
28%
attends
27%
retrouver
25%
autant
23%
give
23%
(give
23%
Give
23%
let
21%
time,
20%
time)
20%
time
20%
please
17%
Stop
16%
yeah)
12%
it,
11%
it
11%
mean
11%
need
11%
(aimer
9%
Aucun quiz correspondant
Distribution des résultats
% des personnes avec chaque résultat
Percentile par nombre de réponses
Votre historique - résultats
Vous n’avez pas pris ce quiz